000 00605nam a22001937a 4500
008 250814b |||||||| |||| 00| 0 eng d
020 _a9781600513787
040 _aCUZ
_beng
_crda
_dCUZ
_erda
050 _aPN30.KOR
100 _aPaul Kortepeter
245 _aWriting rhetoric book 10:
_bThesis part 1
_cby Paul Kortepeter
264 _aCamp hill
_bClassical Academic press
_c©2019
300 _aextent xx,306pages
336 _atext
_btxt
337 _aunmediated
_bn
338 _2rdacarrier
650 _aEducation
_aLanguage and literature
942 _cOS
_i30KOR
_kPN
999 _c45319
_d45319